000
00220 a2200097 4500
001
34523
100
_a
Stewart James
245
_a
Calculus Early Vectors
260
_a
USA
_b
Brooks/Cole Pub
_c
1999
090
_c
22805
_d
22805
942
_a
NUST-CAE
_c
M
_c
14231
999
_c
269596
_d
269596